[Event "Rewal 2011 - Open B"]
[Site "Rewal"]
[Date "2011.08.23"]
[Round "4.38"]
[White "Radzicki, Wieslaw"]
[Black "Bilczewski, Kacper"]
[Result "1-0"]
[WhiteElo "1820"]
[BlackElo "1531"]
[EventDate "2011.??.??"]
[PlyCount "91"]

1.Nf3 d5 2.d4 Nf6 3.c4 e6 4.g3 Be7 5.Bg2 O-O 6.O-O dxc4 7.Ne5 Nbd7 8.Nxc4 
Nb6 9.Na5 c6 10.Nc3 Nbd5 11.Nb3 Nxc3 12.bxc3 Qc7 13.Bf4 Bd6 14.Bxd6 Qxd6 
15.a4 e5 16.a5 exd4 17.cxd4 Be6 18.Nc5 b6 19.Nxe6 Qxe6 20.Qc2 Rac8 21.axb6
axb6 22.Ra6 Nd5 23.Rb1 c5 24.Qc4 Nf4 25.Qxe6 Nxe6 26.d5 Nc7 27.Raxb6 Rfd8 
28.e4 Ne8 29.e5 c4 30.Rc6 Rxc6 31.dxc6 c3 32.Rc1 Rc8 33.Rxc3 Kf8 34.Bh3 
Rc7 35.Bd7 Ke7 36.f4 g6 37.Kf2 f6 38.g4 fxe5 39.fxe5 Ng7 40.Kf3 Ne6 41.
Bxe6 Kxe6 42.Ke4 Rc8 43.c7 h5 44.Rc6+ Kd7 45.Rxg6 Rxc7 46.Rg7+ 1-0

[Event "Rewal 2011 - Open B"]
[Site "Rewal"]
[Date "2011.08.23"]
[Round "4.39"]
[White "Statucki, Maciej"]
[Black "Drela, Michal"]
[Result "1/2-1/2"]
[WhiteElo "1817"]
[BlackElo "1459"]
[EventDate "2011.??.??"]
[PlyCount "51"]

1.e4 e6 2.d4 d5 3.Nc3 dxe4 4.Nxe4 Nf6 5.Nxf6+ Qxf6 6.Nf3 h6 7.Bd3 Bd6 8.
Be3 Bd7 9.c3 Bc6 10.Qe2 a6 11.h3 Nd7 12.Rg1 Bf4 13.O-O-O O-O 14.Nd2 Bxe3 
15.fxe3 e5 16.Rdf1 Qe7 17.Qf2 Nf6 18.g4 Nh7 19.h4 g6 20.h5 e4 21.Bb1 Ng5 
22.Qh2 Kg7 23.Rf4 Rae8 24.Rgf1 b5 25.Bc2 Bd5 26.Kb1 1/2-1/2

[Event "Rewal 2011 - Open B"]
[Site "Rewal"]
[Date "2011.08.23"]
[Round "4.41"]
[White "Gotin, Evgeniy"]
[Black "Hasinski, Krystian"]
[Result "0-1"]
[WhiteElo "1715"]
[BlackElo "1971"]
[EventDate "2011.??.??"]
[PlyCount "74"]

1.e4 c6 2.d4 d5 3.exd5 cxd5 4.Bd3 Nc6 5.c3 h6 6.h3 Nf6 7.Nf3 e6 8.Bf4 Bd6 
9.Qd2 Qc7 10.Bxd6 Qxd6 11.O-O Bd7 12.Na3 a6 13.c4 dxc4 14.Nxc4 Qe7 15.Rfe1
O-O 16.Nb6 Rad8 17.d5 Nb8 18.Qa5 Qd6 19.Red1 exd5 20.Nc4 Qf4 21.Ne3 Bxh3 
22.gxh3 Qxf3 23.Bf1 Nc6 24.Qb6 Rd7 25.Bg2 Qh5 26.Rd3 Ne5 27.Rb3 Nf3+ 28.
Kh1 Nh4 29.Rc1 Nxg2 30.Kxg2 d4 31.Nc4 d3 32.Ne3 Ne4 33.Qb4 Nxf2 34.Rf1 
Nxh3 35.Qa4 Rd6 36.Rxb7 Rg6+ 37.Kh2 Nf4# 0-1

[Event "Rewal 2011 - Open B"]
[Site "Rewal"]
[Date "2011.08.23"]
[Round "4.42"]
[White "Poswiatowski, Michal"]
[Black "Graczyk, Natalia"]
[Result "1-0"]
[WhiteElo "1971"]
[BlackElo "1672"]
[EventDate "2011.??.??"]
[PlyCount "209"]

1.e4 c5 2.Nf3 d6 3.d4 cxd4 4.Nxd4 Nf6 5.Nc3 g6 6.Be2 Bg7 7.O-O O-O 8.Kh1 
Nc6 9.Be3 Bd7 10.f4 Rc8 11.Nb3 a6 12.a4 Be6 13.Bf3 Nd7 14.Nd4 Nxd4 15.Bxd4
Bxd4 16.Qxd4 Rc4 17.Qd2 Qc7 18.f5 gxf5 19.exf5 Bxf5 20.Bd5 Bg6 21.Bxc4 
Qxc4 22.Rf4 Qc6 23.b3 Nf6 24.Rd1 Qd7 25.Re1 Rc8 26.Rxf6 exf6 27.Nd5 Qd8 
28.Ne7+ Kg7 29.Nxc8 Qxc8 30.c4 Qc5 31.Rc1 Qa3 32.Qc3 Qc5 33.a5 d5 34.b4 
Qc6 35.cxd5 Qxd5 36.Kg1 Qe4 37.Re1 Qf5 38.h3 Qd7 39.Qc5 h5 40.Qc3 Qd8 41.
Re3 Qd1+ 42.Kf2 Qd7 43.Ke1 Qd8 44.Qc5 Qb8 45.Qd4 Qh2 46.Kf2 Qc7 47.Rf3 Qc6
48.Rc3 Qe6 49.g4 h4 50.Re3 Qa2+ 51.Kf1 Qb1+ 52.Ke2 Qa2+ 53.Qd2 Qc4+ 54.Ke1
Qf4 55.Kd1 Qf1+ 56.Qe1 Qc4 57.Qc3 Qd5+ 58.Kc1 Qa2 59.Rf3 Qb1+ 60.Kd2 Qa2+ 
61.Ke1 Qb1+ 62.Kd2 Qa2+ 63.Ke1 Qb1+ 64.Kf2 Qa2+ 65.Ke1 Qb1+ 66.Ke2 Qa2+ 
67.Qd2 Qe6+ 68.Kf2 Qe5 69.Rf4 Qg5 70.Qd4 Bh7 71.Ke3 Bg6 72.Kd2 Bh7 73.Kc3 
Bg6 74.Kb2 Bh7 75.Rf2 Bg6 76.Qf4 Qd5 77.Qxf6+ Kg8 78.Re2 Qb5 79.Qe7 Qd3 
80.Qe3 Qc4 81.Ka3 Kh7 82.Rf2 Qc6 83.Qd2 Qh1 84.Qc3 Qg1 85.Rd2 Qe1 86.Rd3 
Qe8 87.Rd5 Qe7 88.Qe5 Qf8 89.Qd4 Qc8 90.Rc5 Qb8 91.Qc3 Qh8 92.Qxh8+ Kxh8 
93.Re5 Kg7 94.g5 Bd3 95.Rd5 Bf1 96.Rd4 Bxh3 97.Rxh4 Bd7 98.Rh6 Bb5 99.Kb2 
Kf8 100.Kc3 Ke7 101.Kd4 Bf1 102.Kc5 Bg2 103.Kb6 Bf3 104.Kc7 Bg2 105.Rb6 
1-0

[Event "Rewal 2011 - Open B"]
[Site "Rewal"]
[Date "2011.08.23"]
[Round "4.43"]
[White "Klementowski, Dawid"]
[Black "Starczewska, Dominika"]
[Result "0-1"]
[WhiteElo "1623"]
[BlackElo "1909"]
[EventDate "2011.??.??"]
[PlyCount "84"]

1.e4 c5 2.Nf3 Nc6 3.Bb5 e6 4.c4 Nge7 5.Nc3 d6 6.d4 cxd4 7.Nxd4 a6 8.Bxc6+ 
Nxc6 9.O-O Be7 10.Be3 O-O 11.Kh1 Bd7 12.f4 Qc7 13.Rc1 Bf6 14.Nxc6 Bxc6 15.
Bd4 Bxd4 16.Qxd4 Rad8 17.f5 exf5 18.exf5 f6 19.Ne2 Qd7 20.Rce1 Rfe8 21.Ng3
Re5 22.Re3 Rde8 23.Rfe1 Qe7 24.Rxe5 dxe5 25.Qg4 Rd8 26.Rd1 e4 27.h3 Re8 
28.b3 b5 29.cxb5 Bxb5 30.a4 Bd3 31.Nh5 Rb8 32.Nf4 Bc2 33.Rc1 Bxb3 34.Rc6 
Qa7 35.Nh5 Bxa4 36.Re6 Rb1+ 37.Kh2 Qg1+ 38.Kg3 Qe1+ 39.Kf4 Qf2+ 40.Kxe4 
Rb4+ 41.Kd5 Rxg4 42.hxg4 Qxg2+ 0-1

[Event "Rewal 2011 - Open B"]
[Site "Rewal"]
[Date "2011.08.23"]
[Round "4.44"]
[White "Luka, Krzysztof"]
[Black "Krzeczowski, Tadeusz"]
[Result "1-0"]
[WhiteElo "1873"]
[BlackElo "1632"]
[EventDate "2011.??.??"]
[PlyCount "57"]

1.d4 d5 2.c4 e5 3.dxe5 d4 4.Nf3 Nc6 5.g3 Bg4 6.Bg2 Qd7 7.a3 Bxf3 8.Bxf3 
Nxe5 9.Bxb7 Rb8 10.Bd5 c5 11.Bf4 Bd6 12.b4 Ng6 13.Bxd6 Qxd6 14.Qa4+ Kf8 
15.Qxa7 N8e7 16.bxc5 Qd8 17.Nd2 Ne5 18.O-O N5c6 19.Bxc6 Nxc6 20.Qa6 Qc7 
21.Rfb1 Ke7 22.Rb6 Kd7 23.Rab1 Rxb6 24.cxb6 Qb8 25.Ne4 h5 26.Qb5 Qc8 27.
Qd5+ Ke7 28.Qd6+ Ke8 29.b7 1-0

[Event "Rewal 2011 - Open B"]
[Site "Rewal"]
[Date "2011.08.23"]
[Round "4.45"]
[White "Zhuk, Dmitriy"]
[Black "Baryla, Lukasz"]
[Result "1/2-1/2"]
[WhiteElo "1610"]
[BlackElo "1860"]
[EventDate "2011.??.??"]
[PlyCount "82"]

1.e4 e6 2.d4 d5 3.e5 c5 4.c3 cxd4 5.cxd4 Ne7 6.Nf3 Nec6 7.Bd3 Be7 8.O-O f6
9.Nc3 f5 10.Be3 O-O 11.a3 Nd7 12.Rc1 Nb6 13.Qe2 Bd7 14.g3 Be8 15.Ne1 a6 
16.Ng2 Bg5 17.f4 Be7 18.g4 Bg6 19.g5 Qe8 20.Qd1 Na5 21.Bf2 Nbc4 22.Rc2 b5 
23.h4 Bh5 24.Be2 Bxe2 25.Qxe2 g6 26.Be1 Nc6 27.Qd1 Rc8 28.Rf3 Kg7 29.Kf1 
Bd8 30.Ne3 Nxe3+ 31.Rxe3 Bb6 32.Ne2 Rf7 33.Rec3 Rfc7 34.b4 Qd7 35.Bf2 Nb8 
36.Qe1 Rxc3 37.Rxc3 Rxc3 38.Qxc3 Qc7 39.Be1 Qxc3 40.Bxc3 Nc6 41.Kf2 Kf7 
1/2-1/2

[Event "Rewal 2011 - Open B"]
[Site "Rewal"]
[Date "2011.08.23"]
[Round "4.46"]
[White "Klimek, Marcin"]
[Black "Mirski, Roman"]
[Result "1/2-1/2"]
[WhiteElo "1827"]
[BlackElo "1591"]
[EventDate "2011.??.??"]
[PlyCount "63"]

1.e4 c5 2.Ne2 Nc6 3.c4 g6 4.d4 cxd4 5.Nxd4 Bg7 6.Be3 e6 7.Nc3 Nge7 8.Be2 
O-O 9.O-O a6 10.Rc1 b6 11.f4 Bb7 12.f5 exf5 13.exf5 Nxd4 14.f6 Nxe2+ 15.
Qxe2 Bxf6 16.Rxf6 Nf5 17.Bg5 Qc7 18.Qf2 Qc5 19.Rxb6 Qxf2+ 20.Kxf2 Bc6 21.
Rd1 a5 22.b3 f6 23.Bc1 Rfe8 24.Nd5 Bxd5 25.Rxd5 Re6 26.Rbb5 Nd6 27.Rxa5 
Rae8 28.h3 Re2+ 29.Kf3 Nf5 30.Rd2 R8e3+ 31.Kf4 Re4+ 32.Kf3 1/2-1/2

[Event "Rewal 2011 - Open B"]
[Site "Rewal"]
[Date "2011.08.23"]
[Round "4.47"]
[White "Orzechowski, Krzysztof"]
[Black "Jastrzebski, Konrad"]
[Result "0-1"]
[WhiteElo "1778"]
[BlackElo "1536"]
[EventDate "2011.??.??"]
[PlyCount "81"]

1.e4 c5 2.Nf3 d6 3.d4 cxd4 4.Nxd4 Nf6 5.Nc3 a6 6.Be3 e5 7.Nb3 Be6 8.f3 Be7
9.Bd3 O-O 10.Nd5 Nbd7 11.Nxe7+ Qxe7 12.Qe2 d5 13.exd5 Nxd5 14.Bd2 Rfe8 15.
O-O f6 16.c4 N5b6 17.Be3 Na4 18.Qc2 g6 19.f4 Nac5 20.Be2 e4 21.Nd4 Bf7 22.
f5 g5 23.Rae1 Ne5 24.h4 h6 25.hxg5 hxg5 26.g3 g4 27.Rf4 Bh5 28.Kg2 Ncd3 
29.Bxd3 Nxd3 30.Rh1 Nxf4+ 31.Bxf4 Bf7 32.Qe2 Qc5 33.Bh6 Bg6 34.Qxg4 Kf7 
35.Qxg6+ Ke7 36.Qg7+ Kd6 37.Bf4+ Re5 38.Qxf6+ Kd7 39.Rh7+ Kc8 40.Qe6+ Kd8 
41.Qd7# 0-1

[Event "Rewal 2011 - Open B"]
[Site "Rewal"]
[Date "2011.08.23"]
[Round "4.48"]
[White "Dobrzanska, Joanna"]
[Black "Borowicz, Miroslaw"]
[Result "1-0"]
[WhiteElo "1596"]
[BlackElo "1776"]
[EventDate "2011.??.??"]
[PlyCount "109"]

1.e4 c6 2.d4 d5 3.exd5 cxd5 4.c4 Nf6 5.Nc3 e6 6.Nf3 Nc6 7.cxd5 Nxd5 8.a3 
Be7 9.Bd3 O-O 10.O-O Re8 11.Bd2 Bf6 12.Be3 g6 13.Rc1 a6 14.Ne4 Bg7 15.Bb1 
e5 16.dxe5 Nxe3 17.fxe3 Qb6 18.Qe2 Nxe5 19.Nxe5 Bxe5 20.Qf3 Be6 21.b4 Rad8
22.Nc5 Bd5 23.e4 Be6 24.Kh1 Re7 25.Bc2 Bc4 26.Rfd1 Kg7 27.Rxd8 Qxd8 28.Rd1
Qc7 29.h3 b6 30.Nd3 Bd6 31.Bb1 Qc6 32.Nb2 Be6 33.Nd3 Bc7 34.Rf1 Bc4 35.Rc1
Qxe4 36.Qxe4 Rxe4 37.Nb2 Bf4 38.Bxe4 Bxc1 39.Nxc4 b5 40.Ne5 Bxa3 41.Nd3 
Kf6 42.Bb7 Ke6 43.Bxa6 Kd5 44.Bxb5 g5 45.Kg1 Kd4 46.Kf2 f5 47.Kf3 h6 48.g3
Kc3 49.Ke3 Bxb4 50.Nxb4 Kxb4 51.Bd7 f4+ 52.gxf4 gxf4+ 53.Kxf4 Kc5 54.Ke5 
h5 55.h4 1-0

[Event "Rewal 2011 - Open B"]
[Site "Rewal"]
[Date "2011.08.23"]
[Round "4.49"]
[White "Bialowas, Inga"]
[Black "Szolc, Grzegorz"]
[Result "0-1"]
[WhiteElo "1590"]
[BlackElo "1760"]
[EventDate "2011.??.??"]
[PlyCount "110"]

1.e4 g6 2.d4 Bg7 3.Be3 c6 4.f4 d5 5.e5 Nh6 6.h3 f6 7.Bd3 O-O 8.Nf3 Qb6 9.
Qc1 Bf5 10.Bxf5 Nxf5 11.Bf2 fxe5 12.fxe5 Bh6 13.Nbd2 Ne3 14.Bxe3 Bxe3 15.
c3 Nd7 16.Qc2 c5 17.Qd3 cxd4 18.cxd4 Bf4 19.Qb3 Qxb3 20.Nxb3 Rac8 21.Kd1 
Rc7 22.Nfd2 Rfc8 23.Rc1 Rxc1+ 24.Nxc1 Nb6 25.b3 Be3 26.Ne2 Nd7 27.Rf1 Nf8 
28.Rf3 Bh6 29.Nc3 Rd8 30.Rd3 Ne6 31.g3 a6 32.Nf3 b5 33.a3 Nc7 34.Na2 e6 
35.Rc3 Rd7 36.Rc6 Rf7 37.Ke2 Bf8 38.Ng5 Re7 39.Nb4 h6 40.Nf3 a5 41.Na6 
Nxa6 42.Rxa6 b4 43.Rxa5 bxa3 44.Rxa3 Rb7 45.Ra6 Kf7 46.Nd2 Bb4 47.Nb1 g5 
48.g4 Be7 49.Nd2 Rc7 50.Rb6 Rc3 51.Nf3 Rc1 52.Kf2 Rc2+ 53.Kg3 Ba3 54.b4 
Bc1 55.b5 Bf4# 0-1

[Event "Rewal 2011 - Open B"]
[Site "Rewal"]
[Date "2011.08.23"]
[Round "4.50"]
[White "Gabryjalowicz, Jakub"]
[Black "Maczka, Miroslawa"]
[Result "1-0"]
[WhiteElo "1749"]
[BlackElo "1589"]
[EventDate "2011.??.??"]
[PlyCount "47"]

1.e4 c6 2.d4 d5 3.Nc3 dxe4 4.Nxe4 Bf5 5.Ng3 Bg6 6.Nf3 Nf6 7.Ne5 Nbd7 8.
Nxg6 hxg6 9.Bc4 e6 10.Bf4 Be7 11.Qe2 c5 12.dxc5 Bxc5 13.O-O-O Qb6 14.Rd2 
O-O 15.h4 Bd4 16.c3 e5 17.Bg5 Bc5 18.h5 gxh5 19.Nxh5 Rfe8 20.Qf3 e4 21.Qh3
Kf8 22.Rxd7 Nxd7 23.Qxd7 Qg6 24.Nf4 1-0

[Event "Rewal 2011 - Open B"]
[Site "Rewal"]
[Date "2011.08.23"]
[Round "4.53"]
[White "Zhuk, Ivan"]
[Black "Koziol, Kamil"]
[Result "1/2-1/2"]
[WhiteElo "1584"]
[BlackElo "1773"]
[EventDate "2011.??.??"]
[PlyCount "101"]

1.e4 e5 2.d4 exd4 3.Qxd4 Nc6 4.Qe3 Bb4+ 5.Bd2 Bxd2+ 6.Qxd2 Nf6 7.Nc3 O-O 
8.O-O-O d6 9.f4 Bd7 10.Bd3 a6 11.h3 b5 12.Nf3 b4 13.Nd5 Nxd5 14.exd5 Ne7 
15.Qxb4 Bf5 16.Bxf5 Nxf5 17.Nd4 Nxd4 18.Qxd4 Qd7 19.g4 Rfb8 20.Rd3 a5 21.
f5 Rb4 22.Qc3 Rab8 23.b3 R8b6 24.Re1 c5 25.f6 c4 26.Rde3 Rb8 27.Re7 Qd8 
28.Qe3 gxf6 29.Qa7 Qf8 30.Qxa5 cxb3 31.axb3 Qh6+ 32.Kb2 Qd2 33.Re8+ Kg7 
34.Rxb8 Rxb3+ 35.Rxb3 Qxa5 36.Rd1 f5 37.gxf5 Kf6 38.Rbd3 Kxf5 39.Rf1+ Kg6 
40.Rg3+ Kh6 41.Rf6+ Kh5 42.Rxf7 Qb4+ 43.Rb3 Qd4+ 44.Ka2 Kg6 45.Rff3 Qxd5 
46.Rg3+ Kh6 47.Kb2 Qe5+ 48.Kc1 Qe1+ 49.Kb2 Qe5+ 50.Kc1 Qf4+ 51.Kb2 1/2-1/2

[Event "Rewal 2011 - Open B"]
[Site "Rewal"]
[Date "2011.08.23"]
[Round "4.54"]
[White "Sroka, Janusz"]
[Black "Zezulkin, Alina"]
[Result "1-0"]
[WhiteElo "2088"]
[BlackElo "1583"]
[EventDate "2011.??.??"]
[PlyCount "41"]

1.e4 c5 2.g3 Nc6 3.Bg2 g6 4.d3 Bg7 5.f4 d6 6.Nf3 Nf6 7.O-O O-O 8.Nc3 Bd7 
9.h3 Qc8 10.Kh2 h5 11.Nh4 Kh7 12.Ne2 Bh6 13.Ng1 Nd4 14.c3 Ne6 15.Ngf3 Rg8 
16.Ng5+ Kg7 17.Qf3 Nh7 18.Nxe6+ Bxe6 19.f5 Bd7 20.fxg6 fxg6 21.Qf7+ 1-0

[Event "Rewal 2011 - Open B"]
[Site "Rewal"]
[Date "2011.08.23"]
[Round "4.55"]
[White "Knap, Jerzy"]
[Black "Stezycka, Paulina"]
[Result "1/2-1/2"]
[WhiteElo "1913"]
[BlackElo "1558"]
[EventDate "2011.??.??"]
[PlyCount "62"]

1.d4 Nf6 2.c4 c5 3.d5 a6 4.Nc3 b5 5.cxb5 axb5 6.Nxb5 Ba6 7.Nc3 d6 8.Nf3 g6
9.g3 Bg7 10.Bg2 O-O 11.O-O Nbd7 12.Re1 Qc7 13.Bg5 Rfb8 14.Qc2 Nb6 15.Nd2 
Ra7 16.a4 Nc4 17.Nxc4 Bxc4 18.Ra3 Rab7 19.Rb1 Rb3 20.Nb5 Qd7 21.Rxb3 Bxb3 
22.Qxb3 Qf5 23.e4 Qxg5 24.Qc2 Qg4 25.Re1 Ne8 26.Qe2 Qd7 27.b3 Nc7 28.Nxc7 
Qxc7 29.Qc2 Qa5 30.Rb1 Qb4 31.Bf1 Bd4 1/2-1/2

[Event "Rewal 2011 - Open B"]
[Site "Rewal"]
[Date "2011.08.23"]
[Round "4.56"]
[White "Paterek, Bogumil"]
[Black "Mazur, Bartlomiej"]
[Result "0-1"]
[WhiteElo "1654"]
[BlackElo "1531"]
[EventDate "2011.??.??"]
[PlyCount "102"]

1.d4 g6 2.e4 Bg7 3.Nf3 d6 4.h3 Nc6 5.a3 e5 6.Bb5 Bd7 7.c3 a6 8.Bc4 Nf6 9.
Bg5 Qc8 10.Nbd2 O-O 11.b4 Re8 12.d5 Na7 13.O-O Bb5 14.Re1 Kh8 15.Bxb5 Nxb5
16.Qc2 Ng8 17.a4 Na7 18.g4 f6 19.Be3 Ne7 20.Nh4 Rf8 21.Ra2 f5 22.exf5 gxf5
23.Bg5 Nxd5 24.Nxf5 Nc6 25.Ne4 Qe6 26.Qd2 Nde7 27.Nxg7 Kxg7 28.Qe3 Qxa2 
29.Bh6+ Kh8 30.Ng5 Nd5 31.Qe4 Qxf2+ 32.Kh1 Nf6 33.Qb1 e4 34.Rf1 Qe2 35.
Bxf8 Rxf8 36.Re1 Qd3 37.Qc1 Ne5 38.Re3 Qc4 39.Qe1 Nd5 40.Re2 Nf3 41.Qf2 e3
42.Rxe3 Nxe3 43.Nxf3 Qf1+ 44.Qxf1 Nxf1 45.Kg2 Ne3+ 46.Kg3 Nd5 47.Nd4 Nxc3 
48.b5 Nxa4 49.bxa6 bxa6 50.Nc6 d5 51.Nb4 d4 0-1

[Event "Rewal 2011 - Open B"]
[Site "Rewal"]
[Date "2011.08.23"]
[Round "4.57"]
[White "Niewiarowski, Mieszko"]
[Black "Sliwicka, Alicja"]
[Result "0-1"]
[WhiteElo "1535"]
[BlackElo "1609"]
[EventDate "2011.??.??"]
[PlyCount "46"]

1.e4 c5 2.Nf3 e6 3.d4 cxd4 4.Nxd4 a6 5.Nc3 Qc7 6.f4 d6 7.h3 Be7 8.Qf3 b5 
9.a3 Bb7 10.Bd3 Bh4+ 11.g3 Be7 12.O-O Nf6 13.Qe2 Nbd7 14.Bd2 O-O 15.Rae1 
Rac8 16.e5 Nd5 17.Nxd5 Bxd5 18.exd6 Bxd6 19.Nf3 Rfe8 20.h4 e5 21.Bxh7+ Kh8
22.fxe5 Nxe5 23.Bf5 Nxf3+ 0-1

[Event "Rewal 2011 - Open B"]
[Site "Rewal"]
[Date "2011.08.23"]
[Round "4.58"]
[White "Lapa, Aleksandra"]
[Black "Przybylska, Agata"]
[Result "1/2-1/2"]
[WhiteElo "1458"]
[BlackElo "1604"]
[EventDate "2011.??.??"]
[PlyCount "48"]

1.c4 Nf6 2.Nf3 e6 3.d4 b6 4.e3 Bb7 5.Be2 Be7 6.O-O O-O 7.Nbd2 d6 8.b3 Nbd7
9.Bb2 c5 10.Re1 Rc8 11.Bd3 d5 12.Ne5 Bd6 13.Ndf3 Qc7 14.h3 Ne4 15.Nxd7 
Qxd7 16.dxc5 Nxc5 17.Be2 Rfd8 18.Qd4 Bf8 19.Rad1 Qc7 20.Qg4 dxc4 21.Bxc4 
Rd7 22.Be5 Bxf3 23.Qf4 Qd8 24.Qxf3 Nd3 1/2-1/2

[Event "Rewal 2011 - Open B"]
[Site "Rewal"]
[Date "2011.08.23"]
[Round "4.59"]
[White "Dobrzanska, Magdalena"]
[Black "Bzowski, Grzegorz"]
[Result "1-0"]
[WhiteElo "1417"]
[BlackElo "1717"]
[EventDate "2011.??.??"]
[PlyCount "75"]

1.d4 d5 2.c4 Nf6 3.Nc3 c6 4.Nf3 Bg4 5.Bg5 h6 6.Bh4 e6 7.e3 Be7 8.Be2 O-O 
9.O-O Nbd7 10.a3 Ne4 11.Bxe7 Qxe7 12.Qc2 f5 13.cxd5 exd5 14.Ne1 Bxe2 15.
Nxe2 Rae8 16.Nf4 g5 17.Ng6 Qf6 18.Nxf8 Rxf8 19.Nd3 f4 20.Qe2 Qg6 21.Rad1 
Rf6 22.exf4 gxf4 23.f3 Ng5 24.Qe7 Rf7 25.Qe8+ Kh7 26.Nxf4 Rxf4 27.Qxd7+ 
Rf7 28.Qe8 Qc2 29.Qe1 Qxb2 30.a4 a5 31.Rf2 Qa3 32.Ra1 Qd6 33.Qxa5 Qg6 34.
Kh1 Ne4 35.Rff1 Rg7 36.Ra2 Ng5 37.Qd2 Nxf3 38.gxf3 1-0

[Event "Rewal 2011 - Open B"]
[Site "Rewal"]
[Date "2011.08.23"]
[Round "4.60"]
[White "Kiolbasa, Oliwia"]
[Black "Strek, Jaroslaw"]
[Result "1-0"]
[WhiteElo "1701"]
[BlackElo "1551"]
[EventDate "2011.??.??"]
[PlyCount "75"]

1.e4 c5 2.Nf3 d6 3.d4 cxd4 4.Qxd4 Nc6 5.Bb5 a6 6.Bxc6+ bxc6 7.O-O e5 8.Qd3
Be7 9.c4 Nf6 10.Nc3 O-O 11.Rd1 Qc7 12.Bg5 Bg4 13.Bxf6 gxf6 14.h3 Bh5 15.
Ne2 Kh8 16.Ng3 Bg6 17.Nh4 Rg8 18.Nhf5 Rad8 19.Qe3 Bf8 20.Rd3 d5 21.cxd5 
cxd5 22.exd5 Qd7 23.Qf3 Rb8 24.Rb3 Rb5 25.Rxb5 axb5 26.Rd1 Bxf5 27.Qxf5 
Qxf5 28.Nxf5 Rg5 29.g4 h5 30.d6 hxg4 31.d7 gxh3+ 32.Kh1 Rxf5 33.d8=Q Kg7 
34.Rg1+ Rg5 35.Rxg5+ fxg5 36.Qxg5+ Kh8 37.Qxe5+ Bg7 38.Qxb5 1-0

[Event "Rewal 2011 - Open B"]
[Site "Rewal"]
[Date "2011.08.23"]
[Round "4.61"]
[White "Budnik, Kazimierz"]
[Black "Mazur, Anna"]
[Result "0-1"]
[WhiteElo "1567"]
[BlackElo "1666"]
[EventDate "2011.??.??"]
[PlyCount "68"]

1.e4 c5 2.f4 e6 3.Nf3 Qc7 4.d3 d5 5.Be2 Nc6 6.O-O Bd7 7.e5 Nge7 8.Nc3 Nf5 
9.a3 Be7 10.Kh1 Nfd4 11.a4 a6 12.b3 Nb4 13.Nxd4 cxd4 14.Na2 Nxc2 15.Rb1 
O-O 16.Rf3 b5 17.Rb2 Nb4 18.Nxb4 Bxb4 19.Rc2 Qb6 20.Rg3 g6 21.h4 bxa4 22.
h5 axb3 23.Rb2 Ba4 24.Rxb3 Bxb3 25.Qxb3 Ba5 26.Qd1 Rac8 27.hxg6 fxg6 28.
Bh5 Qb1 29.Kh2 Qxc1 30.Qf3 Rxf4 31.Rxg6+ hxg6 32.Qg3 Kf8 33.Qxg6 Rh4+ 34.
Kg3 Qf4# 0-1

[Event "Rewal 2011 - Open B"]
[Site "Rewal"]
[Date "2011.08.24"]
[Round "5.1"]
[White "Musialkiewicz, Pawel"]
[Black "Zurkowski, Andrzej"]
[Result "1-0"]
[WhiteElo "1961"]
[BlackElo "2092"]
[EventDate "2011.??.??"]
[PlyCount "151"]

1.d4 c5 2.d5 e5 3.e4 d6 4.Nc3 Be7 5.Nf3 a6 6.h3 Nf6 7.a4 O-O 8.Bd3 Ne8 9.
Be3 Nd7 10.Qe2 Rb8 11.Nd2 Bg5 12.g3 Bxe3 13.Qxe3 Nc7 14.Qe2 Re8 15.Nc4 Qe7
16.Ne3 Nf8 17.Kf1 Bd7 18.a5 Rbc8 19.Kg2 Qd8 20.Nc4 Qe7 21.Ra3 Nb5 22.Raa1 
Nd4 23.Qe3 Ng6 24.Na4 f5 25.Nab6 Rf8 26.Nxd7 f4 27.Nxf8 fxe3 28.Nxg6 Qf6 
29.Ne7+ Qxe7 30.fxe3 Nb5 31.Rhf1 Nc7 32.Rf2 Ne8 33.Raf1 Nf6 34.Rf5 Re8 35.
Nb6 Qc7 36.b3 Qf7 37.R1f3 Qg6 38.Kh2 Qh6 39.Kg2 Qg6 40.Kf2 Qh6 41.g4 Qh4+ 
42.Ke2 h5 43.gxh5 Nxh5 44.Rf7 Nf4+ 45.exf4 Kxf7 46.fxe5+ Kg8 47.exd6 Qh5 
48.Nc4 Rf8 49.Nd2 Rf7 50.c3 Kf8 51.Kf2 Ke8 52.Rxf7 Qxf7+ 53.Nf3 Kd7 54.Bc4
Qf8 55.e5 Qf4 56.h4 g6 57.Bd3 Qg4 58.b4 cxb4 59.cxb4 Qxb4 60.Bxg6 Qc5+ 61.
Kg3 Qxd5 62.h5 Qe6 63.Kf4 Qc4+ 64.Kg5 Kd8 65.Bf5 Qg8+ 66.Kf4 Qc4+ 67.Be4 
Qf7+ 68.Kg4 Qe6+ 69.Bf5 Qg8+ 70.Ng5 Qc4+ 71.Ne4 Qg8+ 72.Kf4 Qc4 73.e6 Qc1+
74.Kg4 Qg1+ 75.Kh4 Qd4 76.e7+ 1-0

[Event "Rewal 2011 - Open B"]
[Site "Rewal"]
[Date "2011.08.24"]
[Round "5.2"]
[White "Gonsior, Monika"]
[Black "Bokiej, Przemyslaw"]
[Result "0-1"]
[WhiteElo "2059"]
[BlackElo "2097"]
[EventDate "2011.??.??"]
[PlyCount "60"]

1.e4 e6 2.d4 d5 3.Nc3 Nc6 4.e5 f6 5.Nf3 b6 6.a3 Bb7 7.b4 Qd7 8.Bb5 O-O-O 
9.Qd3 Nge7 10.O-O Ng6 11.Re1 Be7 12.Rb1 Rhf8 13.exf6 Bxf6 14.a4 Qd6 15.
Bxc6 Qxc6 16.b5 Qd6 17.Ne2 Rfe8 18.a5 e5 19.dxe5 Nxe5 20.Nxe5 Bxe5 21.Qh3+
Kb8 22.Ba3 Qg6 23.f4 Bf6 24.axb6 axb6 25.f5 Qf7 26.Nf4 g6 27.Kh1 Rxe1+ 28.
Rxe1 Re8 29.Rd1 d4 30.Qd3 Re3 0-1

[Event "Rewal 2011 - Open B"]
[Site "Rewal"]
[Date "2011.08.24"]
[Round "5.3"]
[White "Lewtak, Damian"]
[Black "Nowak, Ryszard"]
[Result "1/2-1/2"]
[WhiteElo "2093"]
[BlackElo "2055"]
[EventDate "2011.??.??"]
[PlyCount "120"]

1.Nf3 Nf6 2.g3 b6 3.Bg2 Bb7 4.d4 e6 5.c4 Be7 6.Nc3 Ne4 7.Nxe4 Bxe4 8.O-O 
O-O 9.b3 d5 10.Bb2 c5 11.dxc5 Bxc5 12.cxd5 Qxd5 13.Qc1 Rd8 14.Rd1 Qxd1+ 
15.Qxd1 Rxd1+ 16.Rxd1 Nc6 17.Ne5 Bxg2 18.Kxg2 Rd8 19.Rxd8+ Nxd8 20.e4 f6 
21.Nd3 Be7 22.Kf3 Kf7 23.Ke3 Nc6 24.g4 g6 25.h3 Nb4 26.Nxb4 Bxb4 27.Bd4 e5
28.Bb2 Bc5+ 29.Ke2 Ke6 30.f3 b5 31.a4 a6 32.Kd3 Kd6 33.Bc3 Ke6 34.Ba5 Bd4 
35.Bd8 Ba1 36.Bb6 Bb2 37.Bc5 Kd7 38.Bb4 Ba1 39.Ba3 Ke6 40.Bc1 Bd4 41.Bd2 
Bb6 42.Bc3 Bc5 43.Ba5 Bd4 44.Bd8 Ba1 45.Bb6 Bb2 46.Kc2 Ba1 47.Kb1 Bc3 48.
Ka2 Kd7 49.Ka3 Ke6 50.Bc5 Kd7 51.Be3 Ke6 52.axb5 axb5 53.Bc5 Kd7 54.Ka2 
Ke6 55.Kb1 Ba5 56.Kc2 Be1 57.Kd3 Ba5 58.Ke3 Bc3 59.Bb6 Be1 60.Bd8 Bc3 
1/2-1/2

[Event "Rewal 2011 - Open B"]
[Site "Rewal"]
[Date "2011.08.24"]
[Round "5.4"]
[White "Botor, Michal"]
[Black "Nikitin, Aleksander I"]
[Result "0-1"]
[WhiteElo "1987"]
[BlackElo "2081"]
[EventDate "2011.??.??"]
[PlyCount "74"]

1.e4 d5 2.exd5 Qxd5 3.Nc3 Qd6 4.Bc4 Nf6 5.d3 a6 6.a4 c5 7.Nge2 Nc6 8.Bf4 
Qd7 9.O-O b6 10.Ng3 e6 11.Nce4 Nd5 12.Bxd5 exd5 13.Ng5 g6 14.c3 Be7 15.Nf3
f6 16.Re1 O-O 17.h4 Bd6 18.Bh6 Rd8 19.Qd2 Qc7 20.Ne2 Bg4 21.Nf4 Bxf4 22.
Bxf4 Qd7 23.Nh2 Bf5 24.b4 d4 25.bxc5 bxc5 26.cxd4 Nxd4 27.Qc3 Qd5 28.Rac1 
Rac8 29.Be3 Bxd3 30.Bxd4 Qxd4 31.Qb3+ c4 32.Qb7 Re8 33.Rxe8+ Rxe8 34.Qc6 
Re2 35.Qc8+ Kg7 36.Ng4 Re7 37.Ne3 Rxe3 0-1

[Event "Rewal 2011 - Open B"]
[Site "Rewal"]
[Date "2011.08.24"]
[Round "5.5"]
[White "Zielinski, Wojciech"]
[Black "Sowa, Martyna"]
[Result "1-0"]
[WhiteElo "2097"]
[BlackElo "1720"]
[EventDate "2011.??.??"]
[PlyCount "49"]

1.b3 Nf6 2.Bb2 d5 3.Nf3 g6 4.e3 Bg7 5.c4 c6 6.Nc3 O-O 7.d4 Bf5 8.Be2 Re8 
9.O-O Nbd7 10.Nh4 Be6 11.f4 dxc4 12.Bxc4 Bxc4 13.bxc4 e6 14.Nf3 Qc7 15.Ne5
Red8 16.Qf3 Nb6 17.Rac1 Nfd7 18.Ne4 c5 19.Ba3 Bf8 20.dxc5 f5 21.cxb6 axb6 
22.Nxd7 fxe4 23.Nf6+ Kf7 24.Ne8 Rxe8 25.Qh3 1-0

[Event "Rewal 2011 - Open B"]
[Site "Rewal"]
[Date "2011.08.24"]
[Round "5.6"]
[White "Grzesik, Norbert"]
[Black "Jaskolka, Tomasz"]
[Result "0-1"]
[WhiteElo "1901"]
[BlackElo "2003"]
[EventDate "2011.??.??"]
[PlyCount "72"]

1.e4 e5 2.Nf3 Nc6 3.Bc4 Nf6 4.Ng5 d5 5.exd5 Na5 6.Bb5+ Bd7 7.Qe2 Bd6 8.
Bxd7+ Qxd7 9.Nc3 O-O 10.d3 Bb4 11.O-O Bxc3 12.bxc3 Qxd5 13.Re1 Nc6 14.c4 
Qd6 15.Nf3 Rfe8 16.Bb2 Nd4 17.Nxd4 exd4 18.Qf3 Qb4 19.Reb1 Qc5 20.c3 dxc3 
21.Bxc3 Nd7 22.Rxb7 Qd6 23.Rb5 c6 24.Rb7 g6 25.h4 Re7 26.Bb4 c5 27.Rxd7 
Qxd7 28.Qxa8+ Re8 29.Qf3 cxb4 30.Rb1 a5 31.a3 bxa3 32.Ra1 Qd4 33.Qd1 Re7 
34.Qf1 Re2 35.Qxe2 Qxa1+ 36.Kh2 Qb2 0-1

[Event "Rewal 2011 - Open B"]
[Site "Rewal"]
[Date "2011.08.24"]
[Round "5.7"]
[White "Cieslar, Michal"]
[Black "Sliwicki, Damian"]
[Result "0-1"]
[WhiteElo "1966"]
[BlackElo "1899"]
[EventDate "2011.??.??"]
[PlyCount "106"]

1.e4 e5 2.Nf3 Nf6 3.Nc3 Nc6 4.d4 exd4 5.Nxd4 Bb4 6.Nxc6 bxc6 7.Qd4 Qe7 8.
f3 d5 9.Bd2 c5 10.Bb5+ Kf8 11.Qd3 c4 12.Nxd5 cxd3 13.Bxb4 Nxd5 14.Bxe7+ 
Nxe7 15.Bxd3 Rb8 16.O-O-O Be6 17.a4 g6 18.h4 c5 19.Bb5 Kg7 20.Rd6 Rhd8 21.
Ra6 Rb7 22.g4 Rc7 23.Rd1 Rxd1+ 24.Kxd1 Bc8 25.Rd6 Bb7 26.Ke2 a6 27.Bc4 Nc8
28.Rd8 Nb6 29.b3 Nxc4 30.bxc4 a5 31.Ke3 Bc6 32.Rd6 Kf8 33.c3 Ke7 34.e5 
Bxa4 35.Ra6 Bb3 36.Rxa5 Bxc4 37.Ra4 Bb5 38.Ra5 Bc4 39.Ra4 Be6 40.Ke4 Rd7 
41.Ra5 c4 42.h5 Rd3 43.Ra7+ Bd7 44.hxg6 hxg6 45.f4 Rxc3 46.f5 Rc1 47.e6 
fxe6 48.fxg6 Rb1 49.Rc7 Rb8 50.Kf4 Rc8 51.g7 Rg8 52.Kg5 Rxg7+ 53.Kh5 Kf6 
0-1